000 00302cam a22001097a 4500
008 180718b-- xxu||||| |||| 00| 0 eng d
082 _aA45:K12 RAJA
100 _aRajasthan Public Service Commission
245 _aAnnual report
260 _aJaipur
_bThe author
_c--
500 _aLibrary has 2004/05, 2008/09
999 _c499090
_d499090